Statistics for Pokemon types

Click here to take the quiz!

General Stats

  • This quiz has been taken 39 times
  • The average score is 17 of 18

Answer Stats

Answer% Correct
dark
100%
fairy
100%
ground
100%
water
100%
electric
97%
fire
97%
flying
97%
grass
97%
ice
97%
fighting
94%
poison
94%
psychic
94%
rock
94%
steel
94%
bug
91%
dragon
91%
ghost
91%
normal
91%

Score Distribution

Percentile by Number Answered

Percent of People with Each Score

Your Score History

You have not taken this quiz